Top Goalscorers under José Mourinho - Statistics

General Stats
  • This quiz has been taken 270 times
  • The average score is 6 of 10
Answer Stats
Answer % Correct
Cristiano Ronaldo
96%
Didier Drogba
90%
Karim Benzema
85%
Frank Lampard
71%
Zlatan Ibrahimović
71%
Diego Milito
69%
Gonzalo Higuaín
49%
Eden Hazard
43%
Mesut Özil
38%
Benni McCarthy
13%
No matching quizzes found
Score Distribution
Percent of People with Each Score
Percentile by Number Answered
Your Score History
You have not taken this quiz